| 000 | 01771nam a2200385 c 4500 | ||
|---|---|---|---|
| 003 | BLK | ||
| 005 | 20250426141451.0 | ||
| 008 | 180412b bul|||||r ||||||| ||bul|| | ||
| 010 | _aKNG00012234000 | ||
| 020 |
_a954-448-026-9 _bиздат.: Перо - на том(т. 1) |
||
| 040 | _aBLK | ||
| 041 |
_aBUL _cBUL |
||
| 080 |
_aОткривателски пътешествия. Експедиции _b910.4 _x(091)(092) _z910.4(091)(092) |
||
| 080 |
_aБиографии _b929 _x(100) _z929(100) |
||
| 100 | 1 |
_aПенингтън, Пиърс _eпърви автор _9255801 |
|
| 700 | 1 |
_aВанчева, Десислава _eпрев. от англ. _9255802 |
|
| 139 |
_aПенингтън, Пиърс _bП 34 |
||
| 245 | 1 | 0 |
_aВеликите изследователи _bРазкази за откривателите, начертали картата на непознатия свят : Т. 1 - _cПиърс Пенингтън; прев. от англ. Десислава Ванчева. _nТ. 1 |
| 257 | _aGBR | ||
| 260 |
_аСофия _c1995 - |
||
| 300 | _c29 см | ||
| 380 | _a9 | ||
| 500 | _aАвт. не е отбелязан на кор ; Офс. изд . | ||
| 650 | 7 |
_aГеографски пътешествия и открития - история _2 _9151894 |
|
| 650 | 4 |
_aМореплаватели _9162727 |
|
| 653 | _aгеографски открития | ||
| 653 | _aпътешественици | ||
| 760 | 1 |
_3- на том(т. 1) _aПенингтън, Пиърс _dПеро, 1995 _h123 с. : с ил., портр., к. _tТ. 1 |
|
| 852 | _aЦб ІІ 8653 | ||
| 856 | 4 |
_qpdf _u |
|
| 856 | 4 |
_qpdf _u |
|
| 942 |
_cKNG _n0 _01 |
||
| 944 |
_aCR _c15.01.2003 _k30550 _lКети Илиева |
||
| 944 |
_aED _c15.09.2007 _k |
||
| 999 |
_c10728 _d10728 |
||